Städte Frankreichs - Sudden Death - Statistiken

Allgemein
  • Dieses Quiz wurde 2.045 mal gespielt
    731 seit der letzten Aktualisierung
  • Das Durchschnittsergebnis liegt bei 10 aus 17
Answers on the Grid
Answers color-coded by a green-red scale on the quiz's grid according to % correct below.
Lyon
Lausanne
Paris
Monaco
Québec
Lille
Montpellier
Charleroi
Bordeaux
Toulouse
Amiens
Mons
La Spezia
Marseille
La Chaux-de-Fonds
Straßburg
Annecy
Tournai
Besançon
Arlon
Sion
Brest
Rouen
Metz
Limoges
Burgos
Reims
Valence
Esch-sur-Alzette
Girona
 
Antwortstatistiken
Antwort % Korrekt
Lyon
79%
Marseille
78%
Paris
78%
Bordeaux
76%
Toulouse
75%
Straßburg
74%
Lille
72%
Montpellier
71%
Reims
67%
Metz
66%
Brest
63%
Amiens
43%
Rouen
40%
Annecy
38%
Besançon
28%
Limoges
28%
Valence
15%
Keine übereinstimmenden Quizze gefunden
Verteilung der Resultate
Anzahl Personen mit jedem Resultat
Perzentil nach korrekt beantworteten Fragen
Ihre Resultats-Entwicklung
Sie haben dieses Quiz seit der letzten Aktualisierung nicht gespielt